|
|
|
|
| LEADER |
00000nam0a2200000 4500 |
| 001 |
151445 |
| 005 |
20231031150720.0 |
| 010 |
|
|
|a 5265014616
|
| 020 |
|
|
|a RU
|b 90-28204
|
| 035 |
|
|
|a (RuTPU)RU\TPU\book\164211
|
| 090 |
|
|
|a 151445
|
| 100 |
|
|
|a 20090123d1990 m y0rusy5003 ca
|
| 101 |
0 |
|
|a rus
|
| 102 |
|
|
|a RU
|
| 105 |
|
|
|a a z 000ay
|
| 200 |
1 |
|
|a Как прекрасно светит сегодня луна
|e рассказы, миниатюры
|f Р. У. Хуснутдинова
|g худож. Г. Ш. Басыров ; Ш. Абдусаламов
|
| 210 |
|
|
|a Москва
|c Советский писатель
|d 1990
|
| 215 |
|
|
|a 256 с.
|d 20 см
|c ил.
|
| 610 |
1 |
|
|a советская литература
|
| 610 |
1 |
|
|a рассказы
|
| 610 |
1 |
|
|a миниатюры
|
| 675 |
|
|
|a Р2
|z rus
|
| 700 |
|
1 |
|a Хуснутдинова
|b Р. У.
|g Роза Усмановна
|4 070
|
| 702 |
|
1 |
|a Басыров
|b Г. Ш.
|4 440
|
| 702 |
|
1 |
|a Абдусаламов
|b Ш.
|4 440
|
| 801 |
|
0 |
|a RU
|b RuMRKP
|c 19950417
|g psbo
|
| 801 |
|
1 |
|a RU
|b 63413507
|c 20090123
|g PSBO
|
| 801 |
|
2 |
|a RU
|b 63413507
|c 20090123
|g PSBO
|
| 942 |
|
|
|c BK
|